Legislatívne aspekty podnikania v SR. 3 Seriál Trendu a Národnej agentúry pre rozvoj malého a stredného podnikania o podpore podnikania na Slovensku
Záverečná časť prehľadu právnych predpisov, ktoré súvisia s malým a stredným podnikaním na Slovensku.
Gespeichert in:
| 1. Verfasser: | |
|---|---|
| Format: | Buchkapitel |
| Sprache: | Slowakisch |
| Schlagworte: | |
| Tags: |
Keine Tags, Fügen Sie das erste Tag hinzu!
|
MARC
| LEADER | 00000naa a2200000 4500 | ||
|---|---|---|---|
| 001 | r015709 | ||
| 005 | 20221213114532.9 | ||
| 041 | 0 | |a slo | |
| 044 | |a SK | ||
| 245 | 1 | 0 | |a Legislatívne aspekty podnikania v SR. 3 |b Seriál Trendu a Národnej agentúry pre rozvoj malého a stredného podnikania o podpore podnikania na Slovensku |c D. Lajčiaková |
| 520 | |a Záverečná časť prehľadu právnych predpisov, ktoré súvisia s malým a stredným podnikaním na Slovensku. | ||
| 610 | 2 | 0 | |a podnikanie |
| 610 | 2 | 0 | |a podpora podnikania |
| 610 | 2 | 0 | |a Slovensko |
| 610 | 2 | 0 | |a legislatíva |
| 610 | 2 | 0 | |a zákony |
| 610 | 2 | 0 | |a predpisy právne |
| 610 | 2 | 0 | |a NARMSP Bratislava |
| 100 | 1 | |a Lajčiaková, D. | |